Europäische Großstädte mit >500.000 EW - Statistiken

Allgemein
  • Dieses Quiz wurde 610 mal gespielt
  • Das Durchschnittsergebnis liegt bei 65 aus 103
Antwortstatistiken
Einwohner Land Stadt % Korrekt
3.664.088 Deutschland Berlin
99%
1.851.430 Deutschland Hamburg
98%
1.083.498 Deutschland Köln
98%
1.488.202 Deutschland München
98%
2.175.601 Frankreich Paris
97%
2.778.662 Italien Rom
97%
872.922 Niederlande Amsterdam
96%
764.104 Deutschland Frankfurt am Main
96%
638.117 Dänemark Kopenhagen
96%
664.046 Griechenland Athen
95%
554.554 Irland Dublin
95%
656.920 Finnland Helsinki
95%
2.009.786 Belarus Minsk
95%
1.794.166 Polen Warschau
95%
1.920.949 Österreich Wien
95%
1.396.522 Italien Mailand
94%
12.655.050 Russland Moskau
94%
697.010 Norwegen Oslo
94%
620.523 Deutschland Düsseldorf
93%
544.851 Portugal Lissabon
93%
630.305 Deutschland Stuttgart
93%
587.696 Deutschland Dortmund
92%
2.964.448 Ukraine Kiew
91%
8.961.989 Vereinigtes Königreich London
91%
3.334.730 Spanien Madrid
91%
868.277 Frankreich Marseille
91%
1.664.182 Spanien Barcelona
90%
566.573 Deutschland Bremen
90%
597.493 Deutschland Leipzig
90%
938.507 Italien Neapel
90%
1.308.412 Bulgarien Sofia
90%
556.227 Deutschland Dresden
89%
652.541 Niederlande Rotterdam
89%
975.819 Schweden Stockholm
89%
557.422 Albanien Tirana
89%
802.338 Kroatien Zagreb
89%
1.335.084 Tschechien Prag
88%
1.821.000 Rumänien Bukarest
87%
15.519.267/ 9.699.995 Türkei Istanbul
87%
518.635 Frankreich Lyon
87%
552.858 Vereinigtes Königreich Manchester
87%
515.543 Deutschland Nürnberg
87%
614.618 Lettland Riga
87%
1.752.286 Ungarn Budapest
86%
534.049 Deutschland Hannover
86%
582.415 Deutschland Essen
85%
844.444 Italien Turin
85%
500.474 Vereinigtes Königreich Liverpool
84%
588.412 Litauen Vilnius
83%
1.141.816 Vereinigtes Königreich Birmingham
79%
800.215 Spanien Valencia
79%
1.344.844 Serbien Belgrad
77%
691.395 Spanien Sevilla
77%
547.757 Niederlande Den Haag
74%
584.000 Nordmazedonien Skopje
74%
612.040 Vereinigtes Königreich Glasgow
73%
779.966 Polen Krakau
71%
5.384.342 Russland Sankt Petersburg
71%
529.247 Belgien Antwerpen
69%
638.814 Italien Palermo
69%
524.930 Vereinigtes Königreich Edinburgh
65%
556.354 Italien Genua
63%
579.281 Schweden Göteborg
61%
793.139 Vereinigtes Königreich Leeds
59%
641.928 Polen Breslau
56%
1.015.826 Ukraine Odessa
55%
908.456 Ukraine Donezk
52%
578.460 Spanien Malaga
52%
672.185 Polen Lodz
47%
532.048 Polen Posen
47%
1.433.886 Ukraine Charkiw
45%
1.004.763 Russland Wolgograd
43%
1.257.341 Russland Kasan
38%
584.853 Vereinigtes Königreich Sheffield
38%
717.486 Ukraine Lwiw
37%
681.877 Spanien Saragossa
35%
1.244.254 Russland Nischni Nowgorod
31%
1.125.933 Russland Ufa
30%
998.246 Ukraine Dnipro
28%
1.049.199 Russland Perm
27%
948.827 Russland Krasnodar
26%
1.144.759 Russland Samara
25%
1.137.704 Russland Rostow am Don
22%
1.050.602 Russland Woronesch
18%
510.300 Belarus Homel
17%
532.513 Moldawien Kischinau
16%
830.155 Russland Saratow
16%
601.403 Russland Jaroslawl
12%
572.819 Russland Orenburg
12%
722.713 Ukraine Saporischschja
10%
693.072 Russland Toljatti
10%
524.371 Russland Astrachan
9%
539.776 Vereinigtes Königreich Bradford
9%
617.832 Ukraine Krywyj Rih
7%
604.266 Russland Machatschkala
7%
625.462 Russland Uljanowsk
7%
646.468 Russland Ischewsk
6%
503.216 Russland Lipezk
6%
534.801 Russland Rjasan
6%
521.091 Russland Kirow
5%
516.450 Russland Pensa
4%
507.307 Russland Balaschicha
2%
533.839 Russland Nabereschnyje Tschelny
2%
Keine übereinstimmenden Quizze gefunden
Verteilung der Resultate
Anzahl Personen mit jedem Resultat
Perzentil nach korrekt beantworteten Fragen
Ihre Resultats-Entwicklung
Sie haben dieses Quiz noch nicht gespielt